[Event "Pardubice op"]
[Site "Pardubice"]
[Date "1994.??.??"]
[Round "6"]
[White "Thesing, Matthias"]
[Black "Kuporosov, Viktor"]
[Result "0-1"]
[WhiteElo "2400"]
[BlackElo "2510"]
[ECO "B30"]

1.e4 c5 2.Nc3 Nc6 3.Bb5 Nd4 4.Nf3 e6 5.O-O a6 6.Bd3 Ne7 7.Nxd4 cxd4 8.Ne2 Nc6
9.c3 Bc5 10.Qc2 Bb6 11.b3 dxc3 12.dxc3 d6 13.Ba3 Qe7 14.Rad1 Bd7 15.Qd2 Bc5
16.Bxc5 dxc5 17.f4 f6 18.Qe3 O-O 19.Rd2 Rad8 20.Rfd1 Be8 21.Ng3 Bf7 22.e5 fxe5
23.fxe5 Rd5 24.Be4 Rxe5 25.Rd7 Qh4 26.Rxb7 Bg6 27.Rdd7 Rxe4 28.Nxe4 Bxe4
29.Rxg7+ Kh8 30.Rgf7 Rg8 31.g3 Bf5 32.Rbc7 Qh5 33.Rfd7 e5 34.Rd6 Bh3 35.Qh6 Qf3
36.Qf6+ Qxf6 37.Rxf6 Nd8 38.Rh6 Bf5 39.Rxc5 Bg6 40.Rh4 Re8 41.Rc8 e4 42.Kf2 e3+
43.Ke2 Bd3+ 44.Kxd3 e2 45.Rxd8 e1=Q 46.Rxe8+ Qxe8 47.a4 Qe1 48.Kc4 Qe6+ 49.Kb4 Kg7
50.Ka5 Qxb3 51.Kxa6 Qxc3 52.a5 Qc6+ 53.Ka7 Qc7+ 54.Ka6 Qc6+ 55.Ka7 Qc5+ 56.Ka6 h5
57.Rf4 Kg6 58.Rh4 Kf6 59.Rf4+ Ke6 60.h4 Qc6+  0-1

[Event "Pardubice op"]
[Site "Pardubice"]
[Date "1994.??.??"]
[Round "7"]
[White "Zhelnin, Vladimir V"]
[Black "Yakovich, Yuri"]
[Result "1/2-1/2"]
[WhiteElo "2435"]
[BlackElo "2515"]
[ECO "B70"]

1.e4 c5 2.Nc3 Nc6 3.Nge2 g6 4.d4 cxd4 5.Nxd4 Bg7 6.Nb3 Nf6 7.Be2 O-O 8.O-O d6
9.f4 b5 10.a3 Bb7 11.Be3 a6 12.Qe1 b4 13.axb4 Nxb4 14.Qd2 Rb8 15.Bf3 d5 16.e5 Ne4
17.Qe2 Qc7 18.Bxe4 dxe4 19.Bc5 Nd5 20.Nxe4 Bh6 21.g3 f5 22.Ned2 Rfc8 23.Nf3 Ba8
24.Nfd4 Nb4 25.h4 Qb7 26.Kh2 Qd5  1/2-1/2

[Event "Pardubice op"]
[Site "Pardubice"]
[Date "1994.??.??"]
[Round "8"]
[White "Thesing, Matthias"]
[Black "Kuzmin, Gennadi P"]
[Result "0-1"]
[WhiteElo "2400"]
[BlackElo "2485"]
[ECO "B23"]

1.e4 c5 2.Nc3 Nc6 3.Bb5 Nd4 4.Nf3 Nxb5 5.Nxb5 a6 6.Nc3 e6 7.d4 cxd4 8.Qxd4 b5
9.Bf4 Ne7 10.O-O-O Nc6 11.Qe3 Na5 12.b3 Ba3+ 13.Kb1 O-O 14.h4 Qe7 15.h5 Nc4
16.Qd4 Bc5 17.Qd3 Na3+ 18.Kb2 Bb7 19.h6 g6 20.e5 Rfc8 21.Qxd7 Qxd7 22.Rxd7 Bc6
23.Rd3 b4 24.Na4 Bxf2 25.Ng5 Bxg2 26.Rhd1 Bc6 27.R1d2 Ba7 28.c3 a5 29.Be3 Bxe3
30.Rxe3 Bxa4 31.Rf2 Be8 32.Ref3 Ra7 33.Nxe6  0-1

[Event "Paris op"]
[Site "Paris"]
[Date "1994.??.??"]
[Round "1"]
[White "Barczay, Laszlo"]
[Black "Strausz, Janos"]
[Result "1-0"]
[WhiteElo "2380"]
[BlackElo "2285"]
[ECO "B30"]

1.e4 c5 2.Nf3 Nc6 3.Nc3 e6 4.g3 g6 5.d4 cxd4 6.Nxd4 Nxd4 7.Qxd4 Qf6 8.e5 Qf3
9.Nb5 Qc6 10.Bg5 Be7 11.Nd6+ Kf8 12.Bxe7+ Nxe7 13.Qh4 Rg8 14.Qf6 Rg7 15.f3 Qc7
16.Qxg7+  1-0

[Event "Paris APSAP"]
[Site "Paris"]
[Date "1994.??.??"]
[Round "2"]
[White "Emms, John M"]
[Black "Santo Roman, Marc"]
[Result "1/2-1/2"]
[WhiteElo "2535"]
[BlackElo "2420"]
[ECO "B30"]

1.e4 c5 2.Nf3 Nc6 3.Nc3 e5 4.Bc4 d6 5.d3 Be7 6.Nd2 Bg5 7.Nf1 Bxc1 8.Rxc1 Nf6
9.Ne3 O-O 10.O-O Ne7 11.Qd2 Be6 12.Rce1 Rc8 13.Kh1 a6 14.a4 Qd7 15.f4 exf4
16.Rxf4 d5 17.exd5 Nexd5 18.Nexd5 Nxd5 19.Rfe4 Nc7 20.Qe3 b6 21.Bxe6 Nxe6
22.Re5 Qd4 23.Qh3 Rcd8 24.Qf3 Qb4 25.Nd5 Qxb2 26.Ne7+ Kh8 27.Qf5 h6 28.Rxe6 fxe6
29.Ng6+ Kg8 30.Qxe6+ Kh7 31.Qe4 Rf6 32.Ne5+ Kh8 33.Ng6+ Kh7 34.Ne5+ Kh8 35.Ng6+ Kh7
36.Ne5+ Kh8 37.Ng6+ Kh7 38.Ne5+ Kh8  1/2-1/2

[Event "Paris APSAP"]
[Site "Paris"]
[Date "1994.??.??"]
[Round "4"]
[White "Minasian, Artashes"]
[Black "Santo Roman, Marc"]
[Result "1-0"]
[WhiteElo "2525"]
[BlackElo "2420"]
[ECO "B23"]

1.e4 c5 2.Nc3 Nc6 3.Nge2 d6 4.g3 e5 5.Bg2 h5 6.Nd5 h4 7.c3 Nge7 8.d4 cxd4
9.cxd4 Bg4 10.Ne3 Bxe2 11.Qxe2 h3 12.Bf1 Nxd4 13.Qd1 d5 14.exd5 Nxd5 15.Qa4+ Nc6
16.Bb5 Bb4+ 17.Ke2 O-O 18.Bxc6 bxc6 19.Qxc6 Nf4+ 20.gxf4 exf4 21.Rd1 Qe7
22.Rd7 Qe8 23.Qd5 Bc5 24.b4 Bb6 25.Bb2 fxe3 26.Qg5  1-0

[Event "Peristeri"]
[Site "Peristeri"]
[Date "1994.??.??"]
[Round "4"]
[White "Istratescu, Andrei"]
[Black "Nikolaidis, Ioannis"]
[Result "1/2-1/2"]
[WhiteElo "2515"]
[BlackElo "2460"]
[ECO "B57"]

1.e4 c5 2.Nf3 Nc6 3.Nc3 d6 4.d4 cxd4 5.Nxd4 Nf6 6.Bc4 Bd7 7.Bb3 g6 8.h3 Nxd4
9.Qxd4 Bg7 10.O-O O-O 11.Qd3 b5 12.a3 a5 13.Re1  1/2-1/2

[Event "World op"]
[Site "Philadelphia"]
[Date "1994.??.??"]
[Round "?"]
[White "De Firmian, Nick E"]
[Black "Byrne, Robert E"]
[Result "1-0"]
[WhiteElo "2580"]
[BlackElo "2460"]
[ECO "B89"]

1.e4 c5 2.Nc3 Nc6 3.Nf3 d6 4.d4 cxd4 5.Nxd4 Nf6 6.Bc4 Qb6 7.Ndb5 a6 8.Be3 Qd8
9.Nd4 e6 10.Qe2 Be7 11.O-O-O Qc7 12.Bb3 O-O 13.g4 Na5 14.g5 Nxb3+ 15.axb3 Ne8
16.f4 b5 17.f5 b4 18.Na4 e5 19.Nf3 Bb7 20.Bf2 f6 21.g6 h6 22.Nb6 Rb8 23.Rhe1 Bd8
24.Nd5 Bxd5 25.Rxd5 Rc8 26.Qd3 Qc6 27.Nd2 Bb6 28.Bxb6 Qxb6 29.Nc4 Qf2 30.Qd2 Qh4
31.Kb1 Kh8 32.Nxd6 Nxd6 33.Rxd6 a5 34.Rd7 Rfe8 35.Re3 Rg8 36.Red3 Qxe4  1-0

[Event "Pinneberg op"]
[Site "Pinneberg"]
[Date "1994.??.??"]
[Round "?"]
[White "Schellhorn, Wolfgang"]
[Black "Rabeler, Gert"]
[Result "1/2-1/2"]
[WhiteElo "2220"]
[BlackElo "2335"]
[ECO "B89"]

1.e4 c5 2.Nf3 Nc6 3.Nc3 d6 4.d4 cxd4 5.Nxd4 Nf6 6.Bc4 e6 7.Be3 a6 8.Qe2 Qc7
9.O-O-O Bd7 10.Bb3 Na5 11.g4 Nxb3+ 12.axb3 b5 13.g5 b4 14.Nd5 Nxd5 15.exd5 e5
16.Rhe1 Be7 17.Qh5 O-O 18.Nc6 Bxc6 19.dxc6 Qxc6 20.f4 Rfc8 21.Re2 a5 22.f5 a4
23.g6 hxg6 24.fxg6 fxg6 25.Qxg6 Bf6 26.Qg4 axb3 27.Qe6+ Kf8 28.Qxb3 Ke7 29.Rd5 Qc4
30.Qxc4 Rxc4 31.Rb5 Ke6 32.Rb6 Rh8 33.Rd2 Be7 34.Rg2 Rh3 35.Bd2 b3 36.c3 e4
37.Rxb3 e3 38.Re2 Bg5 39.Kc2 Rch4 40.Kd3 Rxh2 41.Bxe3 Rxe2 42.Kxe2 Rh2+ 43.Kf3  1/2-1/2

[Event "Plock op rapid"]
[Site "Plock"]
[Date "1994.??.??"]
[Round "3"]
[White "Moroz, Alexander"]
[Black "Pekacki, Stanislaw"]
[Result "1-0"]
[WhiteElo "2450"]
[BlackElo "2190"]
[ECO "B70"]

1.e4 c5 2.Nf3 Nc6 3.Nc3 g6 4.d4 cxd4 5.Nxd4 Bg7 6.Nb3 Nf6 7.Be2 O-O 8.O-O d6
9.Bg5 Be6 10.Kh1 a5 11.a4 Nb4 12.Nd4 Qc8 13.f4 Re8 14.Nxe6 Qxe6 15.Bb5 Red8
16.Qe2 Rac8 17.Rad1 d5 18.e5 d4 19.exf6 exf6 20.Bh4 dxc3 21.bxc3 Qxe2 22.Rxd8+ Rxd8
23.Bxe2 Nxc2 24.Bf3 Ne3 25.Re1 Nf5 26.Bf2 Nd6 27.Rd1 Bf8 28.c4 Rb8 29.c5 Nc4
30.Rd7 b5 31.c6 bxa4 32.c7 Rb1+ 33.Bd1 Nb6 34.Bxb6  1-0

[Event "Podebrady"]
[Site "Podebrady"]
[Date "1994.??.??"]
[Round "?"]
[White "Michalek, Frantisek"]
[Black "Nigrin, J."]
[Result "1-0"]
[WhiteElo "2065"]
[BlackElo "1900"]
[ECO "B34"]

1.e4 c5 2.Nf3 Nc6 3.Nc3 g6 4.d4 cxd4 5.Nxd4 Bg7 6.Nb3 e6 7.Bf4 Nge7 8.Nb5 e5
9.Nd6+ Kf8 10.Be3 a6 11.Bc4 f5 12.exf5 Nxf5 13.Nxf5 gxf5 14.Bc5+ Ne7 15.Qd6 h5
16.O-O-O Rh6 17.Qd5 Qe8 18.Qg8+  1-0

[Event "Polanica Zdroj op"]
[Site "Polanica Zdroj"]
[Date "1994.??.??"]
[Round "?"]
[White "Gdanski, Jacek"]
[Black "Shishkin, Vadim"]
[Result "1-0"]
[WhiteElo "2505"]
[BlackElo "2405"]
[ECO "B31"]

1.e4 c5 2.Nc3 Nc6 3.Nf3 g6 4.Bb5 Bg7 5.Bxc6 bxc6 6.O-O d6 7.e5 Bg4 8.exd6 exd6
9.h3 Bxf3 10.Qxf3 Ne7 11.d3 O-O 12.Bg5 Rb8 13.Rab1 f6 14.Bf4 f5 15.Bg5 Bf6
16.Bxf6 Rxf6 17.b3 Qd7 18.Rbe1 Re8 19.Re3 Re6 20.Rfe1 Rxe3 21.Qxe3 Kf7 22.d4 cxd4
23.Qxd4 Nc8 24.Rxe8 Qxe8 25.Kf1 Ke6 26.f4 Kd7 27.Kf2 Qe7 28.a4 Qh4+ 29.Kf1 Qe7
30.b4 Qd8 31.a5 c5 32.Qg7+ Qe7 33.Qxe7+ Nxe7 34.b5 Kc7 35.Ke2 d5 36.Kd3 Kd6
37.Na4 Nc8 38.c4 d4 39.a6 Ne7 40.Nb6 Ke6 41.h4 Kd6 42.g3 Ke6 43.Kd2 Kd6 44.Ke2 Ke6
45.Kd3 Kd6 46.Nd5 Nc8 47.Nf6 h6 48.g4 Ke6 49.g5 h5 50.Nd5 Kd6 51.Kc2 Kd7
52.Kb3 Kd6 53.Ka4 Kd7 54.Ka5 Kd6 55.b6 axb6+ 56.Nxb6 Kc7 57.Na4 Nd6 58.Nb2 Kc6
59.a7 Kb7 60.a8=Q+ Kxa8 61.Kb6 Ne4 62.Kc6 Kb8 63.Kd7 Nf2 64.Ke6 d3 65.Kf7 d2
66.Kxg6 Nd3 67.Nd1 Nxf4+ 68.Kf7 Kc7 69.g6 Nxg6 70.Kxg6 f4 71.Kxh5  1-0

[Event "Polanica Zdroj op"]
[Site "Polanica Zdroj"]
[Date "1994.??.??"]
[Round "?"]
[White "Gdanski, Jacek"]
[Black "Mochalov, Evgeny V"]
[Result "0-1"]
[WhiteElo "2505"]
[BlackElo "2450"]
[ECO "B89"]

1.e4 c5 2.Nc3 Nc6 3.Nge2 d6 4.d4 cxd4 5.Nxd4 e6 6.Bc4 Nf6 7.Be3 Be7 8.Qe2 O-O
9.O-O-O Bd7 10.Bb3 Rc8 11.Rhg1 Na5 12.g4 Rxc3 13.bxc3 Nxe4 14.Bd2 d5 15.Be1 Nd6
16.Kb1 Nac4 17.Ka1 Qa5 18.Bxc4 Nxc4 19.Rb1 b5 20.f4 Rb8 21.Nb3 Qa3 22.Bf2 Bd6
23.Rgf1 b4 24.cxb4 Qxb4 25.Be1 Qa4 26.Rf2 Na3 27.Rc1 Bxf4 28.Rxf4 Qxf4 29.Bg3 Qxc1+  0-1

[Event "POR-ch"]
[Site "?"]
[Date "1994.??.??"]
[Round "3"]
[White "Oliveira, Luis"]
[Black "Vitor, Antonio"]
[Result "1-0"]
[WhiteElo "2000"]
[BlackElo "2195"]
[ECO "B33"]

1.e4 c5 2.Nf3 Nc6 3.Nc3 Nf6 4.d4 cxd4 5.Nxd4 e5 6.Ndb5 d6 7.Bg5 a6 8.Na3 Be6
9.Bxf6 gxf6 10.Nc4 Rc8 11.Ne3 Ne7 12.Bd3 Bh6 13.Qf3 Rg8 14.O-O Bxe3 15.fxe3 Qb6
16.Nd5 Bxd5 17.exd5 f5 18.Bxf5 Nxf5 19.Qxf5 Qxe3+ 20.Kh1 Rc7 21.Qxh7 Qg5
22.Rf2 Qg6 23.Qxg6 Rxg6 24.Raf1 Rg7 25.Rd2 Rg5 26.h4 Rg4 27.Kh2 Rxh4+ 28.Kg3 Rcc4
29.Rf3 Rhg4+ 30.Kf2 Ke7 31.b3 Rc8 32.a4 Rh4 33.c4 Rh5 34.Rdd3 f5 35.Rh3 Rch8
36.Rxh5 Rxh5 37.Rh3 Rxh3 38.gxh3 b6 39.b4 a5 40.bxa5 bxa5 41.h4  1-0

[Event "CRO-ch"]
[Site "Porec"]
[Date "1994.??.??"]
[Round "?"]
[White "Medak, Damir"]
[Black "Martic, Zlatko"]
[Result "1/2-1/2"]
[WhiteElo "2320"]
[BlackElo "2265"]
[ECO "B23"]

1.e4 c5 2.Nc3 Nc6 3.Nge2 d6 4.g3 g6 5.d4 Bg4 6.dxc5 Bf3 7.Rg1 Nf6 8.Bg2 Ne5
9.Bf4 Nfg4 10.h3 Bxg2 11.Rxg2 Nf3+ 12.Kf1 Nge5 13.Nd4 Nxd4 14.Qxd4 Bg7 15.cxd6 exd6
16.Qa4+ Nc6 17.Rd1 O-O 18.Rg1 Ne5 19.Kg2 g5 20.Bxe5 Bxe5 21.Qb3 Kh8 22.Nd5 f5
23.exf5 Rxf5 24.Ne3 Rf8 25.Rd2 Qe8 26.c3 h5 27.Qxb7 h4 28.Qe4 Bxg3 29.Qxe8 Raxe8
30.fxg3 Rxe3 31.gxh4 gxh4 32.Kh2 Rff3 33.Rg4 Rxh3+ 34.Kg2 Rhg3+ 35.Rxg3 hxg3
36.Rxd6 Re2+ 37.Kxg3 Rxb2 38.Rd8+ Kg7 39.Rd7+ Kf6 40.Rxa7 Rc2 41.Rc7 Rxa2
42.Rd7 Ke5 43.Kf3 Ra3 44.Rd3 Ra5 45.c4 Rc5  1/2-1/2

[Event "CRO-ch"]
[Site "Porec"]
[Date "1994.??.??"]
[Round "?"]
[White "Loncar, Robert"]
[Black "Ljubicic, Filip"]
[Result "0-1"]
[WhiteElo "2430"]
[BlackElo "2335"]
[ECO "B70"]

1.e4 c5 2.Nc3 Nc6 3.Nge2 g6 4.d4 cxd4 5.Nxd4 Bg7 6.Nb3 Nf6 7.Be2 O-O 8.O-O a5
9.a4 d6 10.Kh1 Be6 11.f4 Bxb3 12.cxb3 Nb4 13.Be3 Nd7 14.Rc1 Rc8 15.Qd2 Nc5
16.Bc4 Nxe4 17.Bxf7+ Rxf7 18.Nxe4 Rf5 19.Rc4 Rc6 20.Ng3 Rf7 21.f5 d5 22.Rcf4 Rf8
23.fxg6 hxg6 24.Rxf8+ Bxf8 25.Bg5 Bg7 26.Qe2 Qd7 27.Qxe7 Qxe7 28.Bxe7 Rc2
29.Bf6 Bxf6 30.Rxf6 Rxb2 31.h4 Kg7 32.Rb6 Rxb3 33.Rxb7+ Kf6 34.Ne2 Re3 35.Nf4 d4  0-1

[Event "Praha Mladi"]
[Site "Prague"]
[Date "1994.??.??"]
[Round "2"]
[White "Pribyl, Martin"]
[Black "Koerholz, Ludger"]
[Result "1-0"]
[WhiteElo "2360"]
[BlackElo "2320"]
[ECO "B31"]

1.e4 c5 2.Nf3 Nc6 3.Nc3 g6 4.Bb5 Bg7 5.Bxc6 dxc6 6.h3 Nf6 7.d3 O-O 8.O-O Ne8
9.Be3 b6 10.Qd2 e5 11.Bh6 f6 12.Nh2 Be6 13.b3 g5 14.Ng4 Bxg4 15.Bxg7 Nxg7
16.hxg4 Qd7 17.Qd1 Kf7 18.Qf3 Rh8 19.Nd1 h5 20.Ne3 hxg4 21.Nxg4 Qe7 22.g3 Rh7
23.Kg2 Rah8 24.Rh1 Qe6 25.Rxh7 Rxh7 26.Rh1 Rxh1 27.Kxh1 Kg6 28.Kg2 Kf7 29.Ne3 Kg6
30.Kg1 Qh3 31.Ng4 Ne8 32.Qf5+ Kg7 33.Qd7+ Kf8 34.Nxf6  1-0

[Event "CZE Tschechien-ch"]
[Site "Prague"]
[Date "1994.??.??"]
[Round "9"]
[White "Pribyl, Josef"]
[Black "Michalek, Jan"]
[Result "1/2-1/2"]
[WhiteElo "2395"]
[BlackElo "2290"]
[ECO "B30"]

1.e4 c5 2.Nf3 Nc6 3.Nc3 e6 4.Bb5 Nd4 5.O-O a6 6.Bd3 Ne7 7.Nxd4 cxd4 8.Ne2 d5
9.f4 Nc6 10.a3 Bc5 11.Ng3 h5 12.b4  1/2-1/2

[Event "Pula PCA op"]
[Site "Pula"]
[Date "1994.??.??"]
[Round "?"]
[White "Zamostny, Jan"]
[Black "Mufic, Goran"]
[Result "1/2-1/2"]
[WhiteElo "2230"]
[BlackElo "2315"]
[ECO "B35"]

1.e4 c5 2.Nf3 Nc6 3.Nc3 g6 4.d4 cxd4 5.Nxd4 Bg7 6.Be3 Nf6 7.Bc4 Qa5 8.O-O O-O
9.Bb3 d6 10.f3 Bd7 11.Nde2 Rac8 12.Qe1 b5 13.a3 a6 14.Nf4 Qc7 15.Qh4 e6 16.Nd3  1/2-1/2

[Event "Pula PCA op"]
[Site "Pula"]
[Date "1994.??.??"]
[Round "?"]
[White "Zamostny, Jan"]
[Black "Martic, Zlatko"]
[Result "0-1"]
[WhiteElo "2230"]
[BlackElo "2265"]
[ECO "B57"]

1.e4 c5 2.Nf3 Nc6 3.Nc3 d6 4.d4 cxd4 5.Nxd4 Nf6 6.Bc4 Qb6 7.Ndb5 a6 8.Be3 Qa5
9.Nd4 Ne5 10.Nb3 Qc7 11.Bd3 e6 12.Qe2 Be7 13.a4 b6 14.O-O O-O 15.h3 Re8 16.f4 Nxd3
17.cxd3 e5 18.d4 exd4 19.Bxd4 Bb7 20.e5 Nd5 21.Rae1 Nxc3 22.Bxc3 Bd5 23.Nd4 Bf8
24.Qg4 dxe5 25.Rxe5 Rxe5 26.fxe5 Re8 27.Re1 b5 28.axb5 axb5 29.Nxb5 Qb6+
30.Nd4 Re6 31.Qf4 Rg6 32.Re2 Bc5 33.Kh2 h6 34.Nf3 Qa6 35.Rd2 Qf1  0-1

[Event "Pula PCA op"]
[Site "Pula"]
[Date "1994.??.??"]
[Round "?"]
[White "Doric, Nenad"]
[Black "Muhtarov, Leonid"]
[Result "1-0"]
[WhiteElo "2285"]
[BlackElo "2180"]
[ECO "B53"]

1.e4 c5 2.Nf3 Nc6 3.Nc3 d6 4.Bb5 Bd7 5.Bxc6 Bxc6 6.d4 cxd4 7.Qxd4 Nf6 8.Bg5 e6
9.O-O-O Be7 10.Rhe1 O-O 11.Kb1 Qa5 12.Qd2 Qa6 13.Nd4 Rfc8 14.f3 Be8 15.g4 b5
16.Nce2 Qb7 17.Ng3 b4 18.Rg1 a5 19.Bxf6 Bxf6 20.Nh5 Be7 21.g5 Kh8 22.Qf4 e5
23.Qh4 exd4 24.Nf6 h6 25.gxh6 g6 26.Qf4 Ba4 27.Rg2 Rc5 28.Nd5 Rf8 29.Rxd4 Bc6
30.Nf6 Qc8 31.h4 Qe6 32.Ng4 f5 33.Nh2 fxe4 34.Qe3 Rcf5 35.Rd1 Qe5 36.Ng4 Qf4
37.Qd4+ Re5 38.Nxe5 dxe5 39.Qc4 Qf6 40.fxe4 Be8 41.Qd5 Bc6 42.Qxa5 Bxe4 43.Re2 Bf3
44.Rf1 Bd6 45.Re3 e4 46.Rxe4 Qf5 47.Qxf5 gxf5 48.Re6 Bg2 49.Rf2 Bg3 50.Rxg2 f4
51.Re4 f3 52.Rg1 f2 53.Rf1 Kh7 54.Rxb4 Re8 55.Rd4 Kxh6 56.a4 Kh5 57.Ka2 Re1
58.Rd1 Kxh4 59.Kb3 Kh3 60.c3  1-0

[Event "CRO-Cup"]
[Site "Pula"]
[Date "1994.??.??"]
[Round "2"]
[White "Ljubicic, Filip"]
[Black "Radocaj, Denis"]
[Result "1/2-1/2"]
[WhiteElo "2335"]
[BlackElo "2335"]
[ECO "B31"]

1.e4 c5 2.Nc3 Nc6 3.Nf3 g6 4.Bb5 Bg7 5.O-O Nd4 6.Nxd4 cxd4 7.Ne2 a6 8.Bc4 d6
9.c3 Nf6 10.Nxd4 Nxe4 11.d3 Nf6 12.Qa4+ Kf8 13.Qd1 h6 14.f4 d5 15.Bb3 Bg4
16.Qe1 Bf5 17.Bc2 e6 18.Be3 Kg8 19.h3 h5 20.Bf2 Nd7 21.Rd1 Qc7 22.Qe3 Rc8
23.Qf3 h4 24.Qe3 Bf6 25.Rd2 Kg7 26.Bd1 Nb8 27.Nf3 Nc6 28.d4 Na5 29.Be2 Nc4
30.Bxc4 Qxc4 31.a3 Qc7 32.Kh1 b5 33.Ne5 a5 34.Ra1 Be7 35.Nf3 Bd6 36.Ne5 Be4
37.Rdd1 Rb8 38.Qe1 f6 39.Nd3 Bxf4 40.Nc5 Qc6 41.Bxh4 g5 42.Nxe4 dxe4 43.Bg3 Qd5
44.Kg1 Kf7 45.a4 f5 46.axb5 Qxb5 47.b4 axb4 48.Ra7+ Kf6 49.h4 Qb6 50.hxg5+ Kg6
51.Rd7 Qc6 52.Bxf4 Qxd7 53.Bxb8 Rxb8 54.cxb4 Qd8 55.Qc3 Rc8 56.Qb3 Qd5 57.Qh3 Kxg5
58.Qh7 Kf6 59.b5 e3 60.Qh6+ Kf7 61.Qxe3 Qxb5 62.Ra1 Qc4 63.Qe5 Qc7 64.Qe2 Rh8  1/2-1/2

[Event "Quebeck-ch"]
[Site "Quebec"]
[Date "1994.??.??"]
[Round "5"]
[White "Grondin, Jean Philippe"]
[Black "Barbeau, Sylvain"]
[Result "0-1"]
[WhiteElo "2120"]
[BlackElo "2380"]
[ECO "B57"]

1.e4 c5 2.Nf3 Nc6 3.Nc3 Nf6 4.d4 cxd4 5.Nxd4 d6 6.Bc4 Qb6 7.Ndb5 a6 8.Na3 e6
9.O-O Be7 10.Re1 O-O 11.Bd3 Qc7 12.Nc4 b5 13.Ne3 Bb7 14.f4 Rad8 15.Bd2 b4
16.Ne2 d5 17.e5 Ne4 18.Ng3 Nd4 19.Ng4 Kh8 20.Nh5 Nf5 21.Qe2 a5 22.Rf1 a4
23.Rac1 Rc8 24.Be1 Qb6+ 25.Kh1 Rc7 26.Qf3 Ba6 27.Bf2 Nxf2+ 28.Nxf2 Rfc8 29.Rfd1 Bxd3
30.Nxd3 Rxc2 31.Rxc2 Rxc2 32.Rc1 Rxc1+ 33.Nxc1 g6 34.Ng3 Nxg3+ 35.hxg3 Qc5
36.Nd3 Qc4 37.g4 Qxa2 38.f5 Kg8 39.f6 Bf8 40.Kh2 a3 41.bxa3 bxa3 42.Nf4 Qb2
43.Nd3 Qc3  0-1

[Event "Reno op"]
[Site "Reno"]
[Date "1994.??.??"]
[Round "?"]
[White "Reyes, Juan"]
[Black "Shaked, Tal"]
[Result "0-1"]
[WhiteElo "2430"]
[BlackElo "2370"]
[ECO "B33"]

1.e4 c5 2.Nf3 Nc6 3.Nc3 Nf6 4.d4 cxd4 5.Nxd4 e5 6.Ndb5 d6 7.Bg5 a6 8.Na3 b5
9.Bxf6 gxf6 10.Nd5 f5 11.Bd3 Be6 12.Nxb5 axb5 13.Bxb5 Rc8 14.exf5 Qa5+ 15.Nc3 Bxf5
16.Qd5 Qb6 17.O-O Be6 18.Qf3 Be7 19.a4 O-O 20.Nd5 Bxd5 21.Qxd5 Nb4 22.Qe4 Nc6
23.c3 f5 24.Qd5+ Kg7 25.Qe6 Rc7 26.b4 e4 27.Bxc6 Qxc6 28.Rac1 Rf6 29.Qb3 d5
30.b5 Qc5 31.Rfe1 Rb7 32.h3 Rd6 33.g3 Rg6 34.Rcd1 Rxg3+ 35.Kf1 Rf3 36.Re2 Rd7
37.b6 Bh4 38.Rd4 Rxc3 39.Qb2 Qxd4 40.b7 Rc1+ 41.Qxc1 Rxb7 42.Qf4 Qf6  0-1

[Event "ROM-chT"]
[Site "ROM"]
[Date "1994.??.??"]
[Round "?"]
[White "Pavlov, Mircea"]
[Black "Barbu, Nicolae"]
[Result "1-0"]
[WhiteElo "2385"]
[BlackElo "2350"]
[ECO "B30"]

1.e4 c5 2.Nf3 Nc6 3.Nc3 Nf6 4.Bb5 e6 5.O-O Qc7 6.Re1 a6 7.Bxc6 Qxc6 8.d4 d6
9.e5 Nd5 10.Ne4 cxd4 11.Nxd4 Qc7 12.exd6  1-0

[Event "ROM-ch (Women)"]
[Site "ROM"]
[Date "1994.??.??"]
[Round "?"]
[White "Baciu Ionescu, Otilia"]
[Black "Belc Popovici, Daniela"]
[Result "1-0"]
[WhiteElo "2155"]
[BlackElo "2070"]
[ECO "B31"]

1.e4 c5 2.Nf3 Nc6 3.Nc3 g6 4.Bb5 Bg7 5.O-O e5 6.Bxc6 dxc6 7.h3 Qc7 8.d3 Nf6
9.Be3 b6 10.Qd2 O-O 11.Bh6 Rd8 12.Bxg7 Kxg7 13.Qg5 Re8 14.Nh2 Qe7 15.f4 exf4
16.Qxf4 Qe5 17.Qxe5 Rxe5 18.Rf2 Re7 19.Raf1 Nd7 20.Nf3 Bb7 21.Nd1 Rf8 22.g4 h6
23.Ne3 Ba6 24.b3 b5 25.c4 b4 26.Kh2 Bc8 27.Kg3 Ne5 28.Nxe5 Rxe5 29.Rf6 Re6
30.Rxe6 Bxe6 31.Nd1 Rd8 32.Nb2 Kf8 33.Rf3 Ke7 34.Na4 Kd6 35.h4 Rg8 36.Rf2 Rd8
37.g5 hxg5 38.hxg5 Rh8 39.Rh2 Rxh2 40.Kxh2 Bg4 41.Kg3 Be2 42.Nb2 Ke5 43.Kf2 Bg4
44.Ke3 f5 45.gxf6 Kxf6 46.Na4 g5 47.Nxc5 Bc8 48.d4 a5 49.Nd3 Ke6 50.d5+ cxd5
51.cxd5+ Kf6 52.e5+ Kf5 53.e6 Kf6 54.Nc5 Ke7 55.Na4 Bb7 56.d6+  1-0

[Event "ROM-ch (Women)"]
[Site "ROM"]
[Date "1994.??.??"]
[Round "?"]
[White "Marin Ionescu, Luiza"]
[Black "Belc Popovici, Daniela"]
[Result "1/2-1/2"]
[WhiteElo "2125"]
[BlackElo "2070"]
[ECO "B34"]

1.e4 c5 2.Nf3 Nc6 3.Nc3 g6 4.d4 cxd4 5.Nxd4 Bg7 6.Be3 Nf6 7.Nxc6 bxc6 8.e5 Nd5
9.Nxd5 cxd5 10.Qxd5 Rb8 11.Bxa7 Rxb2 12.Bd4 Rxc2 13.Bd3 e6 14.Qa8 Rc6 15.Bb5 Rc2
16.Qa3 Qg5 17.O-O Bxe5 18.Bxe5 Qxe5 19.Rac1 Rxc1 20.Rxc1 Bb7 21.Qb4 Qg5 22.Bxd7+ Kd8
23.Qb6+ Ke7 24.Qb4+ Kd8 25.Qb6+  1/2-1/2

[Event "ROM-chT"]
[Site "ROM"]
[Date "1994.??.??"]
[Round "?"]
[White "Ciolac, Gheorghe"]
[Black "Manolache, Marius"]
[Result "1/2-1/2"]
[WhiteElo "2380"]
[BlackElo "2325"]
[ECO "B23"]

1.e4 c5 2.Nc3 Nc6 3.Nge2 e6 4.g3 d5 5.exd5 exd5 6.Bg2 Nf6 7.d3 h6 8.O-O Be7
9.Nf4 Bg4 10.Qd2 d4 11.Ncd5 O-O 12.Nxe7+ Qxe7 13.h3 Bd7 14.Qd1 Rae8 15.Bd2 g5
16.Re1 Qd6 17.Rxe8 Bxe8 18.Nh5 Nxh5 19.Qxh5 f5 20.Qf3 Nd8 21.Qd5+ Qxd5 22.Bxd5+ Kg7
23.b4 b6 24.bxc5 bxc5 25.f4 Kf6 26.Re1 Bf7 27.Bb3 Nc6 28.Kf2 a5 29.Ba4 Nb4
30.Re5 gxf4 31.gxf4 c4 32.dxc4 Bxc4 33.Rxa5 Nxa2 34.Bd7 Rd8 35.Bxf5 Nc3 36.Bd3 Nd1+
37.Ke2 Nb2 38.Bxc4 Nxc4 39.Ra6+ Kf5 40.Bc1 Re8+ 41.Kd3 Re1 42.Kxc4 Rxc1 43.Kd3 Kxf4
44.Rxh6 Rd1+ 45.Ke2 Rh1 46.Rh4+ Ke5 47.Kd3 Rd1+ 48.Ke2 Rh1 49.Kd3 Rd1+  1/2-1/2

[Event "ROM-chT"]
[Site "ROM"]
[Date "1994.??.??"]
[Round "?"]
[White "Bogdan, Dan"]
[Black "Varga, Zoltan"]
[Result "1/2-1/2"]
[WhiteElo "2290"]
[BlackElo "2470"]
[ECO "B23"]

1.e4 c5 2.Ne2 Nc6 3.Nbc3 e6 4.g3 d5 5.exd5 exd5 6.Bg2 d4 7.Nd5 Bd6 8.O-O Nge7
9.Nxe7 Bxe7 10.d3 O-O 11.h3 Re8 12.Nf4 Bf8 13.a3 Qd6 14.Nd5 Bxh3 15.Bf4 Ne5
16.Bxh3 Qxd5 17.Bg2 Qd7 18.Qh5 Ng6 19.Bd2 Re5 20.Qf3 Rae8 21.Qxb7 Qxb7 22.Bxb7 Rb8
23.Bc6 Rxb2 24.Ba4 Rb6 25.Bb3 Bd6 26.a4 Kf8 27.a5 Rb8 28.Rfb1 Re2 29.Be1 Ree8
30.Bd5 Rxb1 31.Rxb1 Rb8 32.Bb7 Ne7 33.a6 Ke8 34.Kg2 Kd7 35.c3 Nc6 36.cxd4 Nd8
37.dxc5 Bxc5 38.Bc3 Nxb7 39.Bxg7 Bb6 40.axb7 Rxb7  1/2-1/2

[Event "ROM-chT"]
[Site "ROM"]
[Date "1994.??.??"]
[Round "?"]
[White "Popescu, Dan"]
[Black "Manolache, Marius"]
[Result "0-1"]
[WhiteElo "2270"]
[BlackElo "2325"]
[ECO "B30"]

1.e4 c5 2.Nf3 Nc6 3.Nc3 Nf6 4.Bb5 g6 5.e5 Nh5 6.O-O Nd4 7.d3 Ng7 8.Bc4 Nge6
9.Ne4 Bg7 10.Nxd4 Nxd4 11.c3 Nc6 12.f4 d5 13.exd6 exd6 14.f5 d5 15.fxg6 hxg6
16.Bg5 Qd7 17.Bf6 Kf8 18.Bxg7+ Kxg7 19.Qf3  0-1

[Event "ROM-chT"]
[Site "ROM"]
[Date "1994.??.??"]
[Round "?"]
[White "Marin Ionescu, Luiza"]
[Black "Ghinda, Eugenia"]
[Result "1/2-1/2"]
[WhiteElo "2115"]
[BlackElo "2145"]
[ECO "B30"]

1.e4 c5 2.Nf3 Nc6 3.Nc3 e5 4.Bc4 Be7 5.d3 Nf6 6.O-O d6 7.Ng5 O-O 8.f4 exf4
9.Bxf4 h6 10.Nf3 Be6 11.Nd5 Nd7 12.Qe1 Nde5 13.Qg3 Nxf3+ 14.Qxf3 Bg5 15.Bxg5 Qxg5
16.Qe3 Qxe3+ 17.Nxe3 Rad8 18.Rf2 Bxc4 19.Nxc4 d5 20.exd5 Rxd5 21.Re1 b5 22.Nd2 Rfd8  1/2-1/2

[Event "Sala op"]
[Site "Sala"]
[Date "1994.??.??"]
[Round "1"]
[White "Berzinsh, Roland"]
[Black "Salakhova, Gulnar"]
[Result "1-0"]
[WhiteElo "2475"]
[BlackElo "2125"]
[ECO "B23"]

1.e4 c5 2.Nc3 Nc6 3.Nge2 d6 4.d4 e5 5.dxc5 dxc5 6.Qxd8+ Nxd8 7.Nd5 Ne6 8.Nec3 Bd6
9.Be3 Ne7 10.O-O-O Nc6 11.Nb5 Bb8 12.c3 O-O 13.g3 b6 14.f4 f6 15.f5 Ned8
16.g4 Nf7 17.h4 h6 18.Rg1 Rd8 19.g5 hxg5 20.hxg5 Nxg5 21.Bxg5 fxg5 22.Ne7+ Nxe7
23.Rxd8+  1-0

[Event "Sala op"]
[Site "Sala"]
[Date "1994.??.??"]
[Round "2"]
[White "Brestak, Jan"]
[Black "Zontakh, Andrey"]
[Result "0-1"]
[WhiteElo "2260"]
[BlackElo "2450"]
[ECO "B51"]

1.e4 c5 2.Nf3 Nc6 3.Nc3 d6 4.Bb5 e5 5.d3 Be7 6.Nd5 Nf6 7.c4 O-O 8.Bxc6 bxc6
9.Nxe7+ Qxe7 10.h3 Ne8 11.g4 Nc7 12.Bg5 f6 13.Be3 Ne6 14.Qa4 Rb8 15.O-O-O Rb6
16.Kb1 Qb7 17.Rd2 Bd7 18.Ka1 d5 19.Re2 Nd4 20.Nxd4 cxd4 21.Bc1 dxe4 22.dxe4 Be6
23.Qc2 Qa6 24.b3 Rfb8 25.g5 Rxb3 26.gxf6 d3  0-1

[Event "Sala op"]
[Site "Sala"]
[Date "1994.??.??"]
[Round "3"]
[White "Berzinsh, Roland"]
[Black "Biolek, Richard"]
[Result "1/2-1/2"]
[WhiteElo "2475"]
[BlackElo "2420"]
[ECO "B76"]

1.e4 c5 2.Nc3 Nc6 3.Nge2 g6 4.d4 cxd4 5.Nxd4 Bg7 6.Be3 Nf6 7.Bc4 O-O 8.Bb3 d6
9.f3 Bd7 10.Qe2 a6 11.O-O-O Qc7 12.Kb1 b5 13.Nxc6 Bxc6 14.Nd5 Bxd5 15.exd5 Rab8
16.a3 a5 17.Qd2 Nd7 18.Bd4 Bxd4 19.Qxd4 Qc5 20.Rhe1 Rfe8 21.Qxc5 Nxc5 22.Ba2  1/2-1/2

[Event "San Sebastian op"]
[Site "San Sebastian"]
[Date "1994.??.??"]
[Round "3"]
[White "Rahal, Michael"]
[Black "Rivera, Daniel"]
[Result "1/2-1/2"]
[WhiteElo "2310"]
[BlackElo "2375"]
[ECO "B63"]

1.e4 c5 2.Nf3 Nc6 3.Nc3 d6 4.d4 cxd4 5.Nxd4 Nf6 6.Bg5 e6 7.Qd2 Be7 8.O-O-O O-O
9.f3 a6 10.g4 d5 11.exd5 Nxd5 12.Bxe7 Ncxe7 13.Bc4  1/2-1/2

[Event "San Sebastian op"]
[Site "San Sebastian"]
[Date "1994.??.??"]
[Round "6"]
[White "Alvarez Ibarra, D Rafael"]
[Black "Damljanovic, Branko"]
[Result "1/2-1/2"]
[WhiteElo "2435"]
[BlackElo "2560"]
[ECO "B23"]

1.e4 c5 2.Nc3 Nc6 3.Bb5 Nd4 4.Bc4 e6 5.Nge2 Nf6 6.O-O d5 7.exd5 exd5 8.Nxd5 Nxd5
9.Nxd4 cxd4 10.Qh5 Be7 11.Bxd5 O-O 12.d3 Bf6 13.Bf4 Qb6 14.Rfe1 Be6 15.Bxe6  1/2-1/2